Religión popular y formas de conciencia social en Panamá
Salvato in:
| Autore principale: | |
|---|---|
| Natura: | testo |
| Pubblicazione: |
San José:
CSUCA
|
| Tags: |
Aggiungi Tag
Nessun Tag, puoi essere il primo ad aggiungerne!!
|
MARC
| LEADER | 00000 a a2200000 04500 | ||
|---|---|---|---|
| 001 | 21627 | ||
| 003 | |||
| 040 | |||
| 090 | |a 096200 | ||
| 100 | |a Opazo Bernales, Andrés | ||
| 245 | |a Religión popular y formas de conciencia social en Panamá | ||
| 260 | |a San José: |b CSUCA | ||
| 300 | |a 62 p. | ||
| 999 | |c 4851 |d 4851 | ||
